LIBRARY & INFORMATION CENTRE, KCAET, TAVANUR

ONLINE PUBLIC ACCESS CATALOGUE (OPAC)

Mrugasamrakshanam / (Record no. 10430)

MARC details
000 -LEADER
fixed length control field 00584cam a2200241ua 4500
041 ## - LANGUAGE CODE
Language code of text/sound track or separate title mal
082 ## - DEWEY DECIMAL CLASSIFICATION NUMBER
Classification number 636
Item number MOO/MR
100 ## - MAIN ENTRY--AUTHOR NAME
Personal name Moorthy, P R .
245 ## - TITLE STATEMENT
Title Mrugasamrakshanam /
260 ## - PUBLICATION, DISTRIBUTION, ETC. (IMPRINT)
Place of publication Thiruvananthapuram :
Name of publisher State Instititute of Languages ,
Year of publication 1970.
300 ## - PHYSICAL DESCRIPTION
Number of Pages 206 ; .
942 ## - ADDED ENTRY ELEMENTS (KOHA)
Koha item type Books
Holdings
Withdrawn status Lost status Damaged status Home library Current library Date acquired Full call number Accession Number Koha item type
Withdrawn     KAUAET KAUAET 07/04/2012 636 13050 Books
      KAUAET KAUAET 07/04/2012 636 13159 Books
      KAUAET KAUAET 07/04/2012 636 13170 Books
      KAUAET KAUAET 07/04/2012 636 13169 Books
      KAUAET KAUAET 07/04/2012 636 13843 Books
      KAUAET KAUAET 07/04/2012 636 13171 Books
      KAUAET KAUAET 07/04/2012 636 13172 Books
      KAUAET KAUAET 26/10/2023 636 MOO/MR 13844 Books
      KAUAET KAUAET 26/10/2023 636 MOO/MR 13168 Books
free website counter